logo

Bir Sreshtho Munshi Abdur Rouf Library
Jhenaidah Cadet College

Build up your English : (Record no. 6501)

MARC details
000 -LEADER
fixed length control field 00633nam a22002172i 4500
001 - CONTROL NUMBER
JCCL Control Number 6501
003 - CONTROL NUMBER IDENTIFIER
JCCL marc code BD-JhCC
005 - DATE AND TIME OF LATEST TRANSACTION
control field 20180124181239.0
008 - FIXED-LENGTH DATA ELEMENTS--GENERAL INFORMATION
fixed length control field 860101s1952 xxk 000 0 eng d
035 ## - SYSTEM CONTROL NUMBER
system control number (BD-JhCC)6501
040 ## - CATALOGING SOURCE
Original cataloging agency UKM
Transcribing agency UKM
Modifying agency EQO
-- BD-JhCC
041 ## - LANGUAGE CODE
Language code of Book eng
082 ## - DEWEY DECIMAL CLASSIFICATION NUMBER
Classification number 808.042
DDC Edition number 18
Author mark and Year GLO 1975
100 1# - MAIN ENTRY--PERSONAL NAME
Personal name Glover, Albert John.
245 10 - TITLE STATEMENT
Title Build up your English :
Remainder of title a two year's course; exercises designed to increase a student's vocabulary in a variety of ways /
Statement of responsibility, etc Albert John Glover,
260 ## - PUBLICATION, DISTRIBUTION, ETC. (IMPRINT)
Place of publication, distribution, etc Dent,
Date of publication, distribution, etc 1952
300 ## - PHYSICAL DESCRIPTION
Pagination 166 p. ;
Dimensions 19 cm
650 ## - SUBJECT ADDED ENTRY--TOPICAL TERM
Topical term or geographic name as entry element English Language
942 ## - ADDED ENTRY ELEMENTS (KOHA)
Source of classification or shelving scheme Dewey Decimal Classification
Koha item type Books
Holdings
Source of classification or shelving scheme Damaged status Not for loan Home library Current library Shelving location Cost, normal purchase price Total Checkouts Full call number Barcode Date last seen Copy number Koha item type
Dewey Decimal Classification     JCC Rouf Library JCC Rouf Library General Stacks 50.00   808.042 GLO 1975 8803 01/24/2018 C - 1 Books

JCC Library | Contacts | JCC Home

Last Update on 23 September 2017
Copyright @ 2017-2020 JCC Rouf Library
Rouf Library, Jhenidah Cadet College (JCC), Bangladesh